Fiber optic communications / (Record no. 564817)

000 -LEADER
fixed length control field 00474nam a2200145Ia 4500
008 - FIXED-LENGTH DATA ELEMENTS--GENERAL INFORMATION
fixed length control field 210430s9999 xx 000 0 und d
020 ## - INTERNATIONAL STANDARD BOOK NUMBER
International Standard Book Number 0130085103 (hardcover) | 97801
082 ## - DEWEY DECIMAL CLASSIFICATION NUMBER
Classification number 621.38275 P1708 F
100 ## - MAIN ENTRY--PERSONAL NAME
Personal name Palais, Joseph C.
9 (RLIN) 54312
245 ## - TITLE STATEMENT
Title Fiber optic communications /
Statement of responsibility, etc. Palais, Joseph C.
260 ## - PUBLICATION, DISTRIBUTION, ETC.
Place of publication, distribution, etc. [S.l.] :
Name of publisher, distributor, etc. Prentice Hall,
Date of publication, distribution, etc. 2004
300 ## - PHYSICAL DESCRIPTION
Extent 456 p. ;
856 ## - ELECTRONIC LOCATION AND ACCESS
Uniform Resource Identifier <a href="http://www.amazon.com/exec/obidos/ASIN/0130085103/chopaconline-20">http://www.amazon.com/exec/obidos/ASIN/0130085103/chopaconline-20</a>
942 ## - ADDED ENTRY ELEMENTS (KOHA)
Koha item type Book
Source of classification or shelving scheme
Holdings
Withdrawn status Lost status Damaged status Not for loan Collection code Permanent Location Current Location Shelving location Date acquired Total Checkouts Full call number Barcode Date last seen Price effective from Koha item type
          School of Chemical & Materials Engineering (SCME) School of Chemical & Materials Engineering (SCME) General Stacks 05/12/6   621.38275 P1708 F SCME-4089 04/30/2021 04/30/2021 Book
© 2023 Central Library, National University of Sciences and Technology. All Rights Reserved.